| 000 | 01453cad a22002295a 4500 | ||
|---|---|---|---|
| 001 | L150367 | ||
| 008 | 100706s2009 xxkd f s f000 0 eng u | ||
| 035 | _a(Sirsi) u150367 | ||
| 041 | _aeng | ||
| 050 | 0 | _a333.33 $2 18 | |
| 110 | 2 |
_aValuation Office Agency _93141 |
|
| 245 | 0 | 0 |
_aProperty market report _bJuly 2009 _h[electronic resource] |
| 260 |
_aLondon _bVOA _c2009 |
||
| 505 | 2 | _aIntroduction -- Agricultural land and property -- Residential building land figures -- Housing market -- Industrial Land -- Methodology -- Map of England and Wales Counties and Government Regions | |
| 520 | _aThe Valuation Office Agency in 2009 has been reviewing the property market report to assess its fitness for today's UK property market. The July 2009 report like the January 2009 report is a mini update report covering the following data sets: Agricultural Land, Residential Building Land, Housing Market, Industrial Land, and Methodology. These are being provided as an aid to the continuity of the land value series and also to keep abreast of the housing market prior to the conclusions of the report review. | ||
| 521 | _aAdvanced | ||
| 590 | _aKA | ||
| 651 | 4 |
_aUnited Kingdom _y |
|
| 690 | _aPROPERTY-PROPERTY MARKET | ||
| 856 | 4 | 0 |
_uhttps://webarchive.nationalarchives.gov.uk/20141002130923/http://www.voa.gov.uk/publications/property_market_report/index.htm _zView the report free of charge at webarchive.nationalarchives.gov.uk |
| 942 | _n0 | ||
| 999 |
_c110847 _d110847 |
||